Länder nach Buchstabennummern - Statistiken

Allgemein
  • Dieses Quiz wurde 86 mal gespielt
  • Das Durchschnittsergebnis liegt bei 11 aus 15
Antwortstatistiken
Code Land % Korrekt
3 8 9 14 1 China
96%
11 21 2 1 Kuba
85%
2 1 18 2 1 4 15 19 Barbados
81%
1 7 25 16 20 5 14 Ägypten
79%
12 5 19 15 20 8 15 Lesotho
76%
12 5 20 20 12 1 14 4 Lettland
76%
19 1 13 2 9 1 Sambia
76%
20 15 7 15 Togo
76%
7 5 15 18 7 9 5 14 Georgien
75%
16 1 18 1 7 21 1 25 Paraguay
74%
19 12 15 23 5 14 9 5 14 Slowenien
71%
22 9 5 20 14 1 13 Vietnam
68%
11 9 18 9 2 1 20 9 Kiribati
67%
15 19 20 5 18 18 5 9 3 8 Österreich
65%
14 5 21 19 5 5 12 1 14 4 Neuseeland
64%
Keine übereinstimmenden Quizze gefunden
Verteilung der Resultate
Anzahl Personen mit jedem Resultat
Perzentil nach korrekt beantworteten Fragen
Ihre Resultats-Entwicklung
Sie haben dieses Quiz noch nicht gespielt